Statistics for Countries With Most Vegetarians

Click here to take the quiz!

General Stats

  • This quiz has been taken 127 times
  • The average score is 5 of 10

Answer Stats

Answer% Correct
India
92%
United Kingdom
80%
Germany
72%
Australia
54%
New Zealand
35%
Norway
32%
Switzerland
28%
Belgium
25%
Israel
25%
Taiwan
11%

Score Distribution

Percentile by Number Answered

Percent of People with Each Score

Your Score History

You have not taken this quiz